Legislating authority : sin and crime in the Ottoman Empire and Turkey

Αποθηκεύτηκε σε:
Λεπτομέρειες βιβλιογραφικής εγγραφής
Κύριος συγγραφέας: Miller, Ruth Austin 1975-
Μορφή: Βιβλίο
Γλώσσα:English
Δημοσίευση: New York : Routledge, c2005
Σειρά:Middle East studies (Routledge (Firm))
Θέματα:
Ετικέτες: Προσθήκη ετικέτας
Δεν υπάρχουν, Καταχωρήστε ετικέτα πρώτοι!

MARC

LEADER 00000nam a2200000 i 4500
001 1/103448
008 090330s2005 eng d
020 |a 978-0-415-97155-3 (hbk.) 
020 |a 0-415-97155-1 (hbk.) 
035 |l 10104048 
040 |a GR-MY-UA  |b gre  |e aacr 
041 0 |a eng 
082 0 |a 345.561  |2 (22) 
100 1 |a Miller, Ruth Austin  |d 1975- 
245 1 0 |a Legislating authority :  |b sin and crime in the Ottoman Empire and Turkey /  |c Ruth A. Miller 
260 |a New York :   |b Routledge,   |c c2005 
300 |a vii, 188 σ.;  |c 24 εκ. 
490 1 |a Middle East studies: 
504 |a Βιβλιογραφία: σ. 175-184 
504 |a Ευρετήριο: σ. 185-188 
650 0 0 |a Criminal law  |z Turkey  |x History. 
650 0 0 |a Criminal justice, Administration of  |z Turkey  |x History. 
650 0 0 |a Criminal law (Islamic law) 
830 0 |a Middle East studies (Routledge (Firm)) 
852 |a INST  |b LESVOS  |e 20090330  |h 345.561 MIL  |p 005100039881  |q 005100039881  |t BK  |y 0 
901 |a BIBL1-2009-1 
909 |a Λ  |b 154239 
922 |a 1ΕΛΗ  |b 200811  |c ΕΠΕΑΕΚ2/ΤΚΑ  |d ΜΙΧΑΛΟΠΟΥΛΟΣ 
970 |a ΓΙΑΛΑΜΑ  |b ΜΑΡΙΑ  |z 2009/03/30